000 00222nam a2200097Ia 4500
005 20251222114353.0
008 251222s1900||||xx |||||||||||||| ||spa||
082 _aDVD0070/B84/1932
245 0 _aFreaks:Fenómenos
942 _cDVD
999 _c1330
_d1330